[Event "IECG CN.2001.0.00237"]
[Site "IECG email"]
[Date "2001.02.25"]
[Round "?"]
[White "Mills, Lee"]
[Black "Venturas, Bob"]
[Result "0-1"]
[WhiteElo "800"]
[BlackElo "489"]
[PlyCount "22"]
[EventDate "2001.02.25"]
[EventType "tourn (corr)"]
[EventRounds "6"]
[SourceTitle "Corr 2008"]
[Source "ChessBase"]
[SourceDate "2008.06.24"]
[SourceVersion "1"]
[SourceVersionDate "2008.06.24"]
[SourceQuality "1"]

1. e4 c5 2. Nc3 Nc6 3. d3 e6 4. Be3 Qa5 5. Qd2 b5 6. d4 b4 7. Nce2 Ba6 8. Nc1 Bxf1 9. Nb3 Qb5 10. d5 Bxg2 11. dxc6 Qf1# 0-1